Balkane Syndrome and the Policy of Neighbourhood in Cenral Europe

Priestor strednej Európy predstavuje susedské vzťahy rôznych národov a etnických skupín. Z histórie - nepriaznivé vplyvy druhej svetovej vojny, fašizmu, genocída Židov, komunizmu. Národné kultúry jednotlivých národov, balkanizácia. Formovanie interkultúrnych a vnútrokultúrnych vzťahov. Politická, ek...

Descripción completa

Guardado en:
Detalles Bibliográficos
Autor principal: Zágoršeková, Marta
Formato: Capítulo de libro
Lenguaje:inglés
Materias:
Etiquetas: Agregar Etiqueta
Sin Etiquetas, Sea el primero en etiquetar este registro!

MARC

LEADER 00000naa$a2200000$$$4500
001 0119045
005 20240502083310.3
041 0 |a eng 
044 |a BE 
245 1 0 |a Balkane Syndrome and the Policy of Neighbourhood in Cenral Europe  |c Marta Zágoršeková 
520 |a Priestor strednej Európy predstavuje susedské vzťahy rôznych národov a etnických skupín. Z histórie - nepriaznivé vplyvy druhej svetovej vojny, fašizmu, genocída Židov, komunizmu. Národné kultúry jednotlivých národov, balkanizácia. Formovanie interkultúrnych a vnútrokultúrnych vzťahov. Politická, ekonomická transformácia krajín. Minority žijúce na území krajín strednej Európy. 
610 2 0 |a vzťahy medzinárodné 
610 2 0 |a vzťahy zahraničné 
610 2 0 |a vzťahy ekonomické 
610 2 0 |a história 
610 2 0 |a kultúra 
610 2 0 |a menšiny národnostné 
610 2 0 |a stredná Európa 
610 2 0 |a Vyšehradská štvorka 
100 1 |a Zágoršeková, Marta